000 00303nam a2200133Ia 4500
100 _aRay/T.K.
942 _cBK
654 _astress
245 _aExperimental anaysis of stress and strain
260 _bS.Chand and Co.
_aNew Delhi
_c1982
082 _a620.112
_bRAY
300 _a333
546 _aENGLISH
999 _c26893
_d26893